| 000 | 01163cam a2200289 a 4500 | ||
|---|---|---|---|
| 999 |
_c5542 _d5542 |
||
| 001 | 16371603 | ||
| 005 | 20170601092011.0 | ||
| 008 | 100802s2010 sa af b 001 0 eng | ||
| 010 | _a 2010475207 | ||
| 020 | _a9781919854281 | ||
| 020 | _a1919854282 | ||
| 040 |
_aDLC _cDLC _dDLC |
||
| 043 | _af-rh--- | ||
| 050 | 0 | 0 |
_aDT2925 _b.B38 2010 |
| 100 | 1 |
_aBaxter, Peter, _d1962- _931825 |
|
| 245 | 1 | 0 |
_aRhodesia : _blast outpost of the British Empire, 1890-1980 / _cPeter Baxter. |
| 250 | _a2nd ed. | ||
| 260 |
_aAlberton, Republic of South Africa : _bGalago, _c2010. |
||
| 300 |
_a544 p., 48 p. of plates : _bill. ; _c25 cm. |
||
| 500 | _a"First edition (hardback limited to 150 copies) published, April 2010. ISBN 978-1-919854-39-7."--T.p. verso. | ||
| 504 | _aIncludes bibliographical references (p. 527-537) and index. | ||
| 651 | 0 |
_aZimbabwe _xHistory _y1890-1965. _918573 |
|
| 651 | 0 |
_aZimbabwe _xHistory _y1965-1980. _96298 |
|
| 906 |
_a7 _bcbc _corigres _d3 _encip _f20 _gy-gencatlg |
||
| 942 |
_2lcc _cMONOGRAPH |
||